Alle Städte und Gemeinden im Landkreis München - Statistiken

Allgemein
  • Dieses Quiz wurde 15 mal gespielt
  • Das Durchschnittsergebnis liegt bei 8 aus 18
Antwortstatistiken
Antwort % Korrekt
Haar
80%
Garching bei München
73%
Grünwald
60%
Aschheim
53%
Ismaning
53%
Neuried
53%
Oberhaching
53%
Unterschleißheim
53%
Feldkirchen
47%
Gräfelfing
47%
Kirchheim bei München
47%
Neubiberg
40%
Baierbrunn
33%
Grassbrunn
33%
Hohenbrunn
33%
Aying
27%
Brunnthal
27%
Höhenkirchen-Siegertsbrunn
20%
Keine übereinstimmenden Quizze gefunden
Verteilung der Resultate
Anzahl Personen mit jedem Resultat
Perzentil nach korrekt beantworteten Fragen
Ihre Resultats-Entwicklung
Sie haben dieses Quiz noch nicht gespielt